00795cam a2200241 a 4500001000800000005001700008008004100025010001700066020003200083020004100115040001800156041000800174080001400182082001800196100000700214101000800221245007100229504006600300906004500366942001200411999001700423952011300440354238020180308070819.0970416s1998 maua b 001 0 eng  a 97013806  a0256164592 (acidfree paper) a0256271348 (Wall Street Journal ed.) aDLCcDLCdDLC aeng a332.6 BOD00a332.6 BOD2211 a51 aINV10aEssentials of investments /cZvi Bodie, Alex Kane, Alan J. Marcus. aIncludes bibliographical references (p. 590-593) and indexes. a7bcbccorignewd1eocipf19gy-gencatlg 2ddccBK c44461d44461 00102udc40708PËKGa002b002cPËKGd2018-03-08l0o332.6 BODp002-3000873r2018-03-08w2018-03-08yBK